Statystyki dla Top 50 Najlepszych Filmów Wg. Rankingu Filmwebu

Kliknij tutaj aby rozwiązać quiz!

Ogólne statystyki

  • Ten quiz został rozwiązany 621 razy
  • Średni wynik to 23 z 50

Statystyki odpowiedzi

Nr.Tytuł Filmu% Poprawnych
4.Ojciec chrzestnyOpowieść o nowojorskiej rodzinie mafijnej. Starzejący się Don Corleone pragnie przekazać władzę swojemu synowi.1972
90%
3.Zielona milaEmerytowany strażnik więzienny opowiada przyjaciółce o niezwykłym mężczyźnie, którego skazano na śmierć za zabójstwo dwóch 9-letnich dziewczynek.1999
87%
1.Skazani na ShawshankAdaptacja opowiadania Stephena Kinga. Niesłusznie skazany na dożywocie bankier, stara się przetrwać w brutalnym, więziennym świecie1994
80%
6.Forrest GumpHistoria chłopca o niskim ilorazie inteligencji z niedowładem kończyn, który staje się miliarderem i bohaterem wojny w Wietnamie.1994
78%
22.Król LewTargany niesłusznymi wyrzutami sumienia po śmierci ojca mały lew Simba skazuje się na wygnanie, rezygnując z przynależnego mu miejsca na czele stada.1994
77%
8.Ojciec chrzestny 2Rok 1917. Młody Vito Corleone stawia pierwsze kroki w mafijnym świecie Nowego Jorku. Ponad 40 lat później jego syn Michael walczy o interesy i dobro rodziny.1974
74%
18.PianistaPodczas drugiej wojny światowej Władysław Szpilman, stara się przeżyć w okupowanej Warszawie.2002
73%
2.NietykalniSparaliżowany milioner zatrudnia do opieki młodego chłopaka z przedmieścia, który właśnie wyszedł z więzienia.2011
71%
14.Władca Pierścieni: Dwie wieżeDrużyna Pierścienia zostaje rozbita, lecz zdesperowany Frodo za wszelką cenę chce wypełnić powierzone mu zadanie. Aragorn z towarzyszami przygotowuje się, by odeprzeć atak hord Sarumana.2002
69%
28.Chłopiec w pasiastej piżamieOśmioletni syn niemieckiego oficera SS zaprzyjaźnia się z żydowskim chłopcem przebywającym w obozie.2008
67%
10.Władca Pierścieni: Powrót królaZwieńczenie filmowej trylogii wg powieści Tolkiena. Aragorn jednoczy siły Śródziemia, szykując się do bitwy, która ma odwrócić uwagę Saurona od podążających w kierunku Góry Przeznaczenia hobbitów.2003
67%
34.Szeregowiec RyanW poszukiwaniu zaginionego szeregowca wysłany zostaje doborowy oddział żołnierzy.1998
65%
30.GladiatorGenerał Maximus - prawa ręka cesarza, szczęśliwy mąż i ojciec - w jednej chwili traci wszystko. Musi walczyć na arenie o przeżycie.2000
64%
13.SiedemDwóch policjantów stara się złapać seryjnego mordercę wybierającego swoje ofiary według specjalnego klucza - siedmiu grzechów głównych.1995
63%
9.Lista SchindleraHistoria przedsiębiorcy, który podczas II wojny światowej uratował przed pobytem w obozach koncentracyjnych 1100 Żydów.1993
62%
49.Bohemian RhapsodyDzięki oryginalnemu brzmieniu Queen staje się jednym z najpopularniejszych zespołów w historii muzyki.2018
57%
21.Milczenie owiecSeryjny morderca i inteligentna agentka łączą siły, by znaleźć przestępcę obdzierającego ze skóry swoje ofiary.1991
56%
19.IncepcjaCzasy, gdy technologia pozwala na wchodzenie w świat snów. Złodziej Cobb ma za zadanie wszczepić myśl do śpiącego umysłu.2010
55%
27.Leon zawodowiecPłatny morderca ratuje dwunastoletnią dziewczynkę, której rodzina została zabita przez skorumpowanych policjantów.1994
55%
5.Dwunastu gniewnych ludziDwunastu przysięgłych ma wydać wyrok w procesie o morderstwo. Jeden z nich ma wątpliwości dotyczące winy oskarżonego.1957
54%
7.Lot nad kukułczym gniazdemHistoria złodzieja, szulera i chuligana, który, by uniknąć więzienia, udaje niepoczytalność. Trafia do szpitala dla umysłowo chorych, gdzie twardą ręką rządzi siostra Ratched.1975
54%
15.Podziemny krągDwóch mężczyzn znudzonych rutyną zakłada klub, w którym co tydzień odbywają się walki na gołe pięści.1999
53%
11.Pulp FictionPrzemoc i odkupienie w opowieści o dwóch płatnych mordercach pracujących na zlecenie mafii, żonie gangstera, bokserze i parze okradającej ludzi w restauracji.1994
53%
17.Piękny umysłGeniusz matematyczny John Nash za wszelką cenę pragnie opracować teorię, dzięki której zostanie cenionym naukowcem. Przeszkodą staje się jego stopniowo rozwijająca choroba.2001
50%
20.DjangoŁowca nagród Schultz i czarnoskóry niewolnik wyruszają w podróż, aby odbić żonę tego drugiego z rąk bezlitosnego Calvina Candie'ego.2012
48%
32.Avengers: Wojna bez granicPotężny Thanos zbiera Kamienie Nieskończoności w celu narzucenia swojej woli wszystkim istnieniom we wszechświecie. Tylko drużyna superbohaterów może go powstrzymać.2018
47%
23.Człowiek z bliznąKubański emigrant Tony Montana opuszcza ojczyznę i przybywa do Miami. Razem z przyjacielem, Mannym Riberą, zaczyna pracować dla mafii narkotykowej.1983
39%
45.Dobry, zły i brzydkiDziki Zachód. Brzydki i Dobry usiłują dotrzeć do ukrytego przez wojsko skarbu. Po piętach depcze im Zły.1966
38%
16.Chłopcy z ferajnyKilkunastoletni Henry i Tommy DeVito trafiają pod opiekę potężnego gangstera. Obaj szybko uczą się panujących w mafii reguł.1990
37%
29.Green BookDrobny cwaniaczek z Bronksu zostaje szoferem ekstrawaganckiego muzyka z wyższych sfer i razem wyruszają na wielotygodniowe tournée.2018
36%
12.Życie jest piękneZamknięty w obozie koncentracyjnym wraz z synem Guido próbuje przekonać chłopca, że okrutna rzeczywistość jest jedynie formą zabawy dla dorosłych.1997
36%
24.Gran TorinoWalt Kowalski to emerytowany weteran żyjący we własnym poukładanym świecie. Jego spokój zostaje zburzony przez nowych sąsiadów z Azji, których syn spróbuje ukraść mu ulubione auto.2008
35%
31.Braveheart - Waleczne SerceW XIII-wiecznej Szkocji William Wallace, po zabójstwie swojej żony, zwołuje rodaków do walki ze znienawidzoną angielską monarchią.1995
34%
47.PamiętnikStary mężczyzna czyta chorej na Alzheimera kobiecie pamiętnik opisujący historię miłości dziewczyny z zamożnego domu i ubogiego pracownika tartaku.2004
34%
33.Przełęcz ocalonychSchyłek II wojny światowej. Podczas krwawej bitwy o Okinawę amerykański sanitariusz odmawia noszenia broni i zabijania z powodów moralnych.2016
34%
35.CocoDwunastoletni meksykański chłopiec imieniem Miguel pragnie zgłębić tajemnice rodzinnej legendy.2017
32%
36.WhiplashMłody i ambitny perkusista za wszelką cenę pragnie dołączyć do czołówki najwybitniejszych artystów muzyki jazzowej.2014
32%
25.Wyspa tajemnicSzeryf federalny Daniels stara się dowiedzieć, jakim sposobem z zamkniętej celi w pilnie strzeżonym szpitalu dla chorych psychicznie przestępców zniknęła pacjentka.2010
31%
38.PrestiżDwaj młodzi iluzjoniści żyją w przyjaznych stosunkach. Gdy ginie żona jednego z nich, mężczyźni stają się śmiertelnymi wrogami.2006
25%
37.Buntownik z wyboruWill, matematyczny geniusz gardzący formalnym wykształceniem, zostaje oskarżony o pobicie policjanta. Profesor MIT, świadomy talentu chłopaka, proponuje mu, aby w zamian za zwolnienie z aresztu podjął naukę i terapię psychologiczną.1997
23%
26.Więzień nienawiściByły neonazista po wyjściu z więzienia stara się przekonać młodszego brata, by nie podążał jego śladem.1998
23%
39.Zapach kobietyNiewidomy emerytowany pułkownik Frank Slade staje się najlepszym nauczycielem życia dla nieśmiałego studenta.1992
23%
41.Czas ApokalipsyAdaptacja opowiadania Josepha Conrada "Jądro ciemności". Przeniesiona w realia wojny wietnamskiej historia kapitana Willarda, który otrzymuje misję odnalezienia i zlikwidowania pułkownika Kurtza.1979
22%
48.KasynoLas Vegas, rok 1973. Hazardzista i bukmacher, Sam "Ace" Rothstein, na polecenie mafii zostaje szefem jednego z największych kasyn w mieście.1995
22%
46.SłużąceLata 60. XX wieku. Początkująca dziennikarka spisuje historie czarnoskórych służących wywołując skandal wśród wyższych sfer.2011
22%
40.Gwiezdne wojny 5Imperator rozkazuje swojemu uczniowi Darthowi Vaderowi odnalezienie Luke'a Skywalkera, by zmusić go do przejścia na ciemną stronę Mocy.1980
21%
42.Gwiezdne wojny 6Luke Skywalker i księżniczka Leia wyruszają na ratunek porwanemu Hanowi Solo. Zbliża się ostateczna bitwa rebeliantów z Imperium.1983
21%
50.PlutonMłody amerykański żołnierz przybywa na misję do Wietnamu. Dostrzega, że trudniejsze od działań na polu bitwy jest zmaganie się z samym sobą i własnymi słabościami.1986
16%
43.W pogoni za szczęściemFilm oparty na faktach. Chris, samotny ojciec pozbawiony domu, stara się mimo przeciwności losu o posadę w biurze maklerskim.2006
15%
44.Dawno temu w AmerycePonad trzydzieści lat po okresie prohibicji były gangster powraca na Manhattan, by skonfrontować się ze swoją przeszłością. Wspomina czasy, gdy wraz z przyjaciółmi pokonywał kolejne szczeble mafijnej hierarchii.1984
12%

Rozkład punktacji

Percentyl według liczby udzielonych odpowiedzi

Procent ludzi z każdym wynikiem

Twoja historia wyników

Nie rozwiązałeś tego quizu